000 00406nam a2200133Ia 4500
003 GCL
008 140319s9999 xx 000 0 ara d
040 _aGCL /
_cGCL
082 0 4 _a811.1
_bف ا
100 1 _aفؤاد افرام البستانى
245 1 0 _aالنابغة الذبيانى: منتخبات شعرية /
_cفؤاد افرام البستانى
300 _a40 ص
490 _aالروائع
_v0
999 _c47562
_d47562